000 00630naa a2200217 i 4500
001 39778
003 ES-MaBCM
005 20241016104235.0
008 960313s1994 fra 000 0 fre d
021 _axx
035 _a(OCoLC)1365152252
040 _cES-MaBCM
041 0 _afre
043 _afra
245 0 0 _aMarchés publics et administration
520 _aDossier sobre el tema
650 2 7 _aContratación administrativa
_958095
651 4 _aFrancia
_9115364
773 0 _aEn:
_tLes cahiers de la fonction publique et de l'administration
_dParis : 1994
_w104646
_gnº 128, oct., p. 4-13. - Loc. S.330
942 _cAREV
999 _c39778
_d39778